[Event "DEM U10w 2025"]
[Site "Willingen GER"]
[Date "2025.06.11"]
[Round "5"]
[White "Classen, Meara"]
[Black "Giss, Annika"]
[Result "0-1"]
[Termination "normal"]
[Board "7"]
[WhiteElo "1459"]
[BlackElo "1520"]
[WhiteClock "01:03:24"]
[BlackClock "00:55:04"]
[PlyCount "136"]
[WhiteFideId "34626956"]
[BlackFideId "34673148"]
[EventCountry "GER"]
[EventRounds "9"]
[EventType "swiss"]
[EventDate "2025.06.07"]

1. e4 {[%clk 01:30:57]} {[%emt 00:00:02]} c5 {[%clk 01:30:57]} {[%emt
00:00:04]} 2. Nf3 {[%clk 01:31:21]} {[%emt 00:00:06]} Nc6 {[%clk 01:31:22]}
{[%emt 00:00:06]} 3. d4 {[%clk 01:31:16]} {[%emt 00:00:35]} cxd4 {[%clk
01:31:46]} {[%emt 00:00:05]} 4. Nxd4 {[%clk 01:31:33]} {[%emt 00:00:13]} g6
{[%clk 01:32:07]} {[%emt 00:00:09]} 5. Nc3 {[%clk 01:31:47]} {[%emt 00:00:16]}
Bg7 {[%clk 01:32:31]} {[%emt 00:00:05]} 6. Be3 {[%clk 01:32:05]} {[%emt
00:00:12]} Nf6 {[%clk 01:32:55]} {[%emt 00:00:07]} 7. Nxc6 {[%clk 01:32:17]}
{[%emt 00:00:18]} bxc6 {[%clk 01:33:06]} {[%emt 00:00:19]} 8. e5 {[%clk
01:32:26]} {[%emt 00:00:20]} Ng8 {[%clk 01:33:01]} {[%emt 00:00:35]} 9. Bd4
{[%clk 01:32:41]} {[%emt 00:00:15]} Qa5 {[%clk 01:26:05]} {[%emt 00:07:26]} 10.
f4 {[%clk 01:30:53]} {[%emt 00:02:17]} c5 {[%clk 01:24:51]} {[%emt 00:01:45]}
11. Bf2 {[%clk 01:27:02]} {[%emt 00:04:20]} Qb4 {[%clk 01:17:31]} {[%emt
00:07:50]} 12. Rb1 {[%clk 01:24:35]} {[%emt 00:02:55]} Qxf4 {[%clk 01:15:52]}
{[%emt 00:02:12]} 13. Bg3 {[%clk 01:22:05]} {[%emt 00:03:00]} Qe3+ {[%clk
01:13:30]} {[%emt 00:02:48]} 14. Qe2 {[%clk 01:18:08]} {[%emt 00:04:32]} Qxe2+
{[%clk 01:13:50]} {[%emt 00:00:10]} 15. Bxe2 {[%clk 01:18:28]} {[%emt
00:00:09]} Nh6 {[%clk 01:13:42]} {[%emt 00:00:39]} 16. Bf3 {[%clk 01:16:22]}
{[%emt 00:02:35]} Rb8 {[%clk 01:13:30]} {[%emt 00:00:43]} 17. O-O {[%clk
01:15:01]} {[%emt 00:01:50]} Nf5 {[%clk 01:11:12]} {[%emt 00:02:49]} 18. Bf2
{[%clk 01:14:16]} {[%emt 00:01:10]} Bxe5 {[%clk 01:10:04]} {[%emt 00:01:43]}
19. Bxc5 {[%clk 01:13:54]} {[%emt 00:00:52]} Bd4+ {[%clk 01:09:51]} {[%emt
00:00:43]} 20. Bxd4 {[%clk 01:14:08]} {[%emt 00:00:16]} Nxd4 {[%clk 01:10:18]}
{[%emt 00:00:04]} 21. Be4 {[%clk 01:13:31]} {[%emt 00:01:07]} O-O {[%clk
01:10:10]} {[%emt 00:00:37]} 22. Nd5 {[%clk 01:12:34]} {[%emt 00:01:27]} Nc6
{[%clk 01:05:41]} {[%emt 00:04:59]} 23. b3 {[%clk 01:10:41]} {[%emt 00:02:23]}
f5 {[%clk 01:01:09]} {[%emt 00:05:02]} 24. Bd3 {[%clk 01:10:19]} {[%emt
00:00:52]} e6 {[%clk 00:59:39]} {[%emt 00:02:01]} 25. Ne3 {[%clk 01:07:31]}
{[%emt 00:03:17]} Nb4 {[%clk 00:58:26]} {[%emt 00:01:43]} 26. a3 {[%clk
01:04:52]} {[%emt 00:03:09]} Nxd3 {[%clk 00:57:10]} {[%emt 00:01:46]} 27. cxd3
{[%clk 01:05:14]} {[%emt 00:00:08]} Ba6 {[%clk 00:56:08]} {[%emt 00:01:29]} 28.
Rfd1 {[%clk 01:04:07]} {[%emt 00:01:39]} Rfc8 {[%clk 00:54:10]} {[%emt
00:02:29]} 29. d4 {[%clk 01:03:48]} {[%emt 00:00:49]} Rc3 {[%clk 00:54:03]}
{[%emt 00:00:36]} 30. Nc4 {[%clk 01:00:33]} {[%emt 00:03:45]} Rbxb3 {[%clk
00:52:23]} {[%emt 00:02:11]} 31. Rxb3 {[%clk 00:59:48]} {[%emt 00:01:15]} Rxb3
{[%clk 00:52:45]} {[%emt 00:00:08]} 32. Ne5 {[%clk 01:00:01]} {[%emt 00:00:16]}
d6 {[%clk 00:51:35]} {[%emt 00:01:41]} 33. Nc6 {[%clk 00:59:41]} {[%emt
00:00:50]} Rc3 {[%clk 00:49:16]} {[%emt 00:02:45]} 34. Nd8 {[%clk 00:59:19]}
{[%emt 00:00:56]} Rxa3 {[%clk 00:48:27]} {[%emt 00:01:19]} 35. Nxe6 {[%clk
00:59:37]} {[%emt 00:00:11]} Bc4 {[%clk 00:48:04]} {[%emt 00:00:54]} 36. Nf4
{[%clk 00:59:11]} {[%emt 00:00:55]} a5 {[%clk 00:48:18]} {[%emt 00:00:17]} 37.
Rc1 {[%clk 00:59:03]} {[%emt 00:00:37]} d5 {[%clk 00:47:35]} {[%emt 00:01:13]}
38. g3 {[%clk 00:58:05]} {[%emt 00:01:29]} a4 {[%clk 00:47:30]} {[%emt
00:00:35]} 39. Ng2 {[%clk 00:58:14]} {[%emt 00:00:20]} Ra2 {[%clk 00:47:15]}
{[%emt 00:00:45]} 40. Ne3 {[%clk 00:58:19]} {[%emt 00:00:26]} a3 {[%clk
00:44:58]} {[%emt 00:02:47]} 41. Nxc4 {[%clk 00:57:12]} {[%emt 00:01:37]} dxc4
{[%clk 00:45:26]} {[%emt 00:00:02]} 42. Rxc4 {[%clk 00:57:24]} {[%emt
00:00:18]} Rb2 {[%clk 00:45:50]} {[%emt 00:00:06]} 43. Rc8+ {[%clk 00:56:29]}
{[%emt 00:01:24]} Kg7 {[%clk 00:46:04]} {[%emt 00:00:17]} 44. Rc7+ {[%clk
00:56:51]} {[%emt 00:00:07]} Kh6 {[%clk 00:46:26]} {[%emt 00:00:08]} 45. Ra7
{[%clk 00:57:11]} {[%emt 00:00:11]} a2 {[%clk 00:46:52]} {[%emt 00:00:04]} 46.
d5 {[%clk 00:57:32]} {[%emt 00:00:08]} Rb1+ {[%clk 00:47:15]} {[%emt 00:00:08]}
47. Kg2 {[%clk 00:57:57]} {[%emt 00:00:05]} a1=Q {[%emt 00:00:12]} 48. Rxa1
{[%clk 00:58:23]} {[%emt 00:00:04]} Rxa1 {[%clk 00:47:58]} {[%emt 00:00:05]}
49. h3 {[%clk 00:58:32]} {[%emt 00:00:21]} Rd1 {[%clk 00:48:17]} {[%emt
00:00:11]} 50. g4 {[%clk 00:58:55]} {[%emt 00:00:07]} fxg4 {[%clk 00:48:22]}
{[%emt 00:00:25]} 51. hxg4 {[%clk 00:59:19]} {[%emt 00:00:06]} Rxd5 {[%clk
00:48:46]} {[%emt 00:00:07]} 52. Kg3 {[%clk 00:59:20]} {[%emt 00:00:29]} Kg5
{[%clk 00:49:10]} {[%emt 00:00:06]} 53. Kf3 {[%clk 00:59:27]} {[%emt 00:00:23]}
Rd4 {[%clk 00:49:18]} {[%emt 00:00:22]} 54. Ke3 {[%clk 00:59:42]} {[%emt
00:00:14]} Rxg4 {[%clk 00:49:42]} {[%emt 00:00:06]} 55. Kf3 {[%clk 01:00:04]}
{[%emt 00:00:07]} Kf5 {[%clk 00:50:02]} {[%emt 00:00:11]} 56. Ke3 {[%clk
01:00:26]} {[%emt 00:00:08]} Rf4 {[%clk 00:50:27]} {[%emt 00:00:06]} 57. Kd3
{[%clk 01:00:47]} {[%emt 00:00:08]} Re4 {[%clk 00:50:52]} {[%emt 00:00:05]} 58.
Kd2 {[%clk 01:00:54]} {[%emt 00:00:23]} Ke5 {[%clk 00:51:12]} {[%emt 00:00:11]}
59. Kd3 {[%clk 01:01:16]} {[%emt 00:00:10]} Kd5 {[%clk 00:51:37]} {[%emt
00:00:05]} 60. Kc3 {[%clk 01:01:25]} {[%emt 00:00:20]} Rd4 {[%clk 00:52:01]}
{[%emt 00:00:06]} 61. Kc2 {[%clk 01:00:45]} {[%emt 00:01:56]} Kc4 {[%clk
00:52:24]} {[%emt 00:00:08]} 62. Kb2 {[%clk 01:01:08]} {[%emt 00:00:06]} Rd3
{[%clk 00:52:38]} {[%emt 00:00:16]} 63. Kc2 {[%clk 01:01:29]} {[%emt 00:00:09]}
h6 {[%clk 00:53:02]} {[%emt 00:00:07]} 64. Kb2 {[%clk 01:01:50]} {[%emt
00:00:08]} Rc3 {[%clk 00:53:24]} {[%emt 00:00:08]} 65. Ka2 {[%clk 01:02:13]}
{[%emt 00:00:08]} Rb3 {[%clk 00:53:47]} {[%emt 00:00:06]} 66. Ka1 {[%clk
01:02:36]} {[%emt 00:00:07]} Kc3 {[%clk 00:54:11]} {[%emt 00:00:06]} 67. Ka2
{[%clk 01:03:00]} {[%emt 00:00:06]} Kc2 {[%clk 00:54:37]} {[%emt 00:00:04]} 68.
Ka1 {[%clk 01:03:24]} {[%emt 00:00:06]} Ra3# {[%clk 00:55:04]} {[%emt
00:00:04]} 0-1

[Event "DEM U10w 2025"]
[Site "Willingen GER"]
[Date "2025.06.11"]
[Round "5"]
[White "Kandora, Shirley"]
[Black "Goyush, Shams"]
[Result "1/2-1/2"]
[Termination "normal"]
[Board "8"]
[WhiteElo "1579"]
[BlackElo "1132"]
[WhiteClock "00:55:09"]
[BlackClock "00:25:40"]
[PlyCount "58"]
[WhiteFideId "533016038"]
[BlackFideId "533030855"]
[EventCountry "GER"]
[EventRounds "9"]
[EventType "swiss"]
[EventDate "2025.06.07"]

1. e4 {[%clk 01:30:58]} e6 {[%clk 01:30:56]} {[%emt 00:00:05]} 2. d4 {[%clk
01:31:15]} {[%emt 00:00:12]} d5 {[%clk 01:31:19]} {[%emt 00:00:07]} 3. e5
{[%clk 01:31:33]} {[%emt 00:00:13]} c5 {[%clk 01:31:44]} {[%emt 00:00:05]} 4.
c3 {[%clk 01:31:42]} {[%emt 00:00:21]} Nc6 {[%clk 01:32:09]} {[%emt 00:00:06]}
5. Nf3 {[%clk 01:31:57]} {[%emt 00:00:15]} Qb6 {[%clk 01:32:33]} {[%emt
00:00:05]} 6. a3 {[%clk 01:31:48]} {[%emt 00:00:40]} Bd7 {[%clk 01:32:56]}
{[%emt 00:00:06]} 7. b4 {[%clk 01:31:27]} {[%emt 00:00:51]} cxd4 {[%clk
01:33:21]} {[%emt 00:00:05]} 8. cxd4 {[%clk 01:31:24]} {[%emt 00:00:33]} Rc8
{[%clk 01:33:42]} {[%emt 00:00:09]} 9. Be2 {[%clk 01:30:15]} {[%emt 00:01:38]}
Nh6 {[%clk 01:32:02]} {[%emt 00:02:11]} 10. Bxh6 {[%clk 01:29:41]} {[%emt
00:01:02]} gxh6 {[%clk 01:32:18]} {[%emt 00:00:16]} 11. O-O {[%clk 01:29:27]}
{[%emt 00:00:42]} Rg8 {[%clk 01:32:37]} {[%emt 00:00:12]} 12. Re1 {[%clk
01:28:26]} {[%emt 00:01:31]} Bg7 {[%clk 01:29:08]} {[%emt 00:03:59]} 13. Bf1
{[%clk 01:27:05]} {[%emt 00:01:52]} f6 {[%clk 01:27:43]} {[%emt 00:01:54]} 14.
g3 {[%clk 01:19:43]} {[%emt 00:07:51]} Rf8 {[%clk 01:20:01]} {[%emt 00:08:14]}
15. Bg2 {[%clk 01:17:28]} {[%emt 00:02:45]} fxe5 {[%clk 01:17:18]} {[%emt
00:03:13]} 16. Ra2 {[%clk 01:08:54]} {[%emt 00:09:03]} e4 {[%clk 01:10:59]}
{[%emt 00:06:50]} 17. Ne5 {[%clk 01:05:44]} {[%emt 00:03:36]} Qxd4 {[%clk
01:02:45]} {[%emt 00:08:47]} 18. Qxd4 {[%clk 01:04:44]} {[%emt 00:01:29]} Nxd4
{[%clk 01:02:33]} {[%emt 00:00:44]} 19. Nxd7 {[%clk 01:04:03]} {[%emt
00:01:10]} Kxd7 {[%clk 01:02:27]} {[%emt 00:00:36]} 20. Nd2 {[%clk 01:03:07]}
{[%emt 00:01:21]} Rc2 {[%clk 01:01:08]} {[%emt 00:01:55]} 21. Rxc2 {[%clk
01:03:00]} {[%emt 00:00:37]} Nxc2 {[%clk 01:01:31]} {[%emt 00:00:07]} 22. Rd1
{[%clk 01:03:14]} {[%emt 00:00:15]} Nxa3 {[%clk 01:01:38]} {[%emt 00:00:25]}
23. Nxe4 {[%clk 01:03:11]} {[%emt 00:00:32]} Ke7 {[%clk 00:54:35]} {[%emt
00:07:28]} 24. Nc5 {[%clk 01:02:44]} {[%emt 00:00:50]} b6 {[%clk 00:49:13]}
{[%emt 00:06:02]} 25. Nd3 {[%clk 01:01:07]} {[%emt 00:02:07]} Rc8 {[%clk
00:45:28]} {[%emt 00:04:16]} 26. Re1 {[%clk 01:00:01]} {[%emt 00:01:29]} Kf7
{[%clk 00:43:01]} {[%emt 00:03:04]} 27. Bh3 {[%clk 00:59:48]} {[%emt 00:00:36]}
Rc6 {[%clk 00:36:41]} {[%emt 00:06:57]} 28. Nf4 {[%clk 00:57:58]} {[%emt
00:02:14]} e5 {[%clk 00:28:39]} {[%emt 00:08:38]} 29. Nxd5 {[%clk 00:55:09]}
{[%emt 00:03:18]} Nb5 {[%clk 00:25:40]} {[%emt 00:03:31]} 1/2-1/2

[Event "DEM U10w 2025"]
[Site "Willingen GER"]
[Date "2025.06.11"]
[Round "5"]
[White "Andreeva, Katharina"]
[Black "Sniegowski, Amalia"]
[Result "0-1"]
[Termination "normal"]
[Board "10"]
[WhiteElo "1614"]
[BlackElo "1411"]
[WhiteClock "00:47:56"]
[BlackClock "01:20:10"]
[PlyCount "34"]
[WhiteFideId "533000905"]
[BlackFideId "34675620"]
[EventCountry "GER"]
[EventRounds "9"]
[EventType "swiss"]
[EventDate "2025.06.07"]

1. e4 {[%clk 01:30:58]} c5 {[%clk 01:30:54]} {[%emt 00:00:07]} 2. d4 {[%clk
01:31:25]} {[%emt 00:00:04]} cxd4 {[%clk 01:31:13]} {[%emt 00:00:10]} 3. c3
{[%clk 01:31:51]} {[%emt 00:00:05]} Nf6 {[%clk 01:31:29]} {[%emt 00:00:14]} 4.
e5 {[%clk 01:32:12]} {[%emt 00:00:09]} Nd5 {[%clk 01:31:46]} {[%emt 00:00:12]}
5. cxd4 {[%clk 01:32:29]} {[%emt 00:00:12]} e6 {[%clk 01:31:53]} {[%emt
00:00:24]} 6. Nf3 {[%clk 01:31:38]} {[%emt 00:01:19]} b6 {[%clk 01:31:49]}
{[%emt 00:00:35]} 7. Nc3 {[%clk 01:30:29]} {[%emt 00:01:39]} Nxc3 {[%clk
01:32:01]} {[%emt 00:00:18]} 8. bxc3 {[%clk 01:30:40]} {[%emt 00:00:19]} Qc7
{[%clk 01:32:11]} {[%emt 00:00:20]} 9. Bd2 {[%clk 01:28:14]} {[%emt 00:02:55]}
Bb7 {[%clk 01:32:10]} {[%emt 00:00:32]} 10. Be2 {[%clk 01:26:39]} {[%emt
00:02:05]} d6 {[%clk 01:32:16]} {[%emt 00:00:24]} 11. O-O {[%clk 01:24:35]}
{[%emt 00:02:33]} Nd7 {[%clk 01:31:57]} {[%emt 00:00:50]} 12. exd6 {[%clk
01:22:49]} {[%emt 00:02:16]} Bxd6 {[%clk 01:30:25]} {[%emt 00:02:01]} 13. g3
{[%clk 01:18:19]} {[%emt 00:05:00]} O-O {[%clk 01:27:03]} {[%emt 00:03:52]} 14.
Rc1 {[%clk 01:11:43]} {[%emt 00:07:04]} Qc6 {[%clk 01:24:00]} {[%emt 00:03:35]}
15. Re1 {[%clk 01:01:14]} {[%emt 00:10:57]} e5 {[%clk 01:22:22]} {[%emt
00:02:09]} 16. dxe5 {[%clk 00:54:39]} {[%emt 00:07:04]} Nxe5 {[%clk 01:20:30]}
{[%emt 00:02:22]} 17. Nh4 {[%clk 00:47:56]} {[%emt 00:07:11]} Qh1# {[%clk
01:20:10]} {[%emt 00:00:22]} 0-1

[Event "DEM U10w 2025"]
[Site "Willingen GER"]
[Date "2025.06.11"]
[Round "5"]
[White "Rose, Malina Rita"]
[Black "Seyedfakhari, Elena"]
[Result "1-0"]
[Termination "normal"]
[Board "11"]
[WhiteElo "1549"]
[BlackElo "1477"]
[WhiteClock "01:21:56"]
[BlackClock "01:13:10"]
[PlyCount "81"]
[WhiteFideId "34665749"]
[BlackFideId "34639888"]
[EventCountry "GER"]
[EventRounds "9"]
[EventType "swiss"]
[EventDate "2025.06.07"]

1. e4 {[%clk 01:30:56]} {[%emt 00:00:04]} e5 {[%clk 01:30:48]} {[%emt
00:00:10]} 2. Nf3 {[%clk 01:31:13]} {[%emt 00:00:15]} Nc6 {[%clk 01:31:03]}
{[%emt 00:00:13]} 3. Bc4 {[%clk 01:31:35]} {[%emt 00:00:10]} Bc5 {[%clk
01:31:18]} {[%emt 00:00:15]} 4. c3 {[%clk 01:31:49]} {[%emt 00:00:16]} Nf6
{[%clk 01:31:28]} {[%emt 00:00:20]} 5. d4 {[%clk 01:32:11]} {[%emt 00:00:08]}
exd4 {[%clk 01:31:32]} {[%emt 00:00:25]} 6. cxd4 {[%clk 01:32:33]} {[%emt
00:00:09]} Bb4+ {[%clk 01:31:49]} {[%emt 00:00:13]} 7. Bd2 {[%clk 01:32:50]}
{[%emt 00:00:14]} Nxe4 {[%clk 01:31:36]} {[%emt 00:00:42]} 8. Bxb4 {[%clk
01:33:12]} {[%emt 00:00:09]} Nxb4 {[%clk 01:31:57]} {[%emt 00:00:09]} 9. Bxf7+
{[%clk 01:33:34]} {[%emt 00:00:09]} Kxf7 {[%clk 01:31:59]} {[%emt 00:00:28]}
10. Qb3+ {[%clk 01:33:57]} {[%emt 00:00:07]} Ke8 {[%clk 01:31:40]} {[%emt
00:00:47]} 11. Qxb4 {[%clk 01:34:20]} {[%emt 00:00:09]} Nd6 {[%clk 01:31:36]}
{[%emt 00:00:32]} 12. O-O {[%clk 01:34:28]} {[%emt 00:00:23]} Rf8 {[%clk
01:30:58]} {[%emt 00:01:07]} 13. Re1+ {[%clk 01:34:22]} {[%emt 00:00:37]} Kf7
{[%clk 01:31:00]} {[%emt 00:00:16]} 14. Qb3+ {[%clk 01:34:25]} {[%emt
00:00:39]} Kf6 {[%clk 01:30:49]} {[%emt 00:00:35]} 15. Nc3 {[%clk 01:33:29]}
{[%emt 00:01:32]} c6 {[%clk 01:30:43]} {[%emt 00:00:35]} 16. Ne4+ {[%clk
01:30:58]} {[%emt 00:03:01]} Nxe4 {[%clk 01:30:41]} {[%emt 00:00:31]} 17. Rxe4
{[%clk 01:31:08]} {[%emt 00:00:21]} Qc7 {[%clk 01:30:41]} {[%emt 00:00:28]} 18.
Rae1 {[%clk 01:30:24]} {[%emt 00:01:13]} g6 {[%clk 01:30:10]} {[%emt 00:01:04]}
19. Qb4 {[%clk 01:28:16]} {[%emt 00:02:38]} d6 {[%clk 01:29:42]} {[%emt
00:00:28]} 20. Rf4+ {[%clk 01:28:22]} {[%emt 00:00:54]} Kg7 {[%clk 01:29:54]}
{[%emt 00:00:18]} 21. Rxf8 {[%clk 01:28:18]} {[%emt 00:00:33]} Kxf8 {[%clk
01:30:08]} {[%emt 00:00:16]} 22. h3 {[%clk 01:27:16]} {[%emt 00:01:34]} Bf5
{[%clk 01:30:22]} {[%emt 00:00:15]} 23. Ng5 {[%clk 01:20:54]} {[%emt 00:06:47]}
h6 {[%clk 01:30:15]} {[%emt 00:00:43]} 24. Ne6+ {[%clk 01:21:03]} {[%emt
00:00:21]} Bxe6 {[%clk 01:30:28]} {[%emt 00:00:16]} 25. Rxe6 {[%clk 01:21:24]}
{[%emt 00:00:09]} Rd8 {[%clk 01:29:59]} {[%emt 00:00:59]} 26. Rxg6 {[%clk
01:21:34]} {[%emt 00:00:20]} h5 {[%clk 01:30:05]} {[%emt 00:00:23]} 27. Rh6
{[%clk 01:20:58]} {[%emt 00:01:07]} a5 {[%clk 01:29:43]} {[%emt 00:00:52]} 28.
Qa3 {[%clk 01:21:01]} {[%emt 00:00:26]} Re8 {[%clk 01:29:37]} {[%emt 00:00:36]}
29. Rh8+ {[%clk 01:21:13]} {[%emt 00:00:19]} Kf7 {[%clk 01:29:52]} {[%emt
00:00:13]} 30. Rh7+ {[%clk 01:21:37]} {[%emt 00:00:09]} Ke6 {[%clk 01:29:48]}
{[%emt 00:00:33]} 31. Rxc7 {[%clk 01:21:49]} {[%emt 00:00:18]} Rb8 {[%clk
01:26:13]} {[%emt 00:03:58]} 32. Qxa5 {[%clk 01:21:14]} {[%emt 00:01:13]} b6
{[%clk 01:25:11]} {[%emt 00:01:31]} 33. Qc3 {[%clk 01:20:58]} {[%emt 00:00:45]}
Ra8 {[%clk 01:21:10]} {[%emt 00:03:33]} 34. Qxc6 {[%clk 01:20:50]} {[%emt
00:01:37]} Rd8 {[%clk 01:15:51]} {[%emt 00:05:41]} 35. d5+ {[%clk 01:21:08]}
{[%emt 00:00:20]} Ke5 {[%clk 01:15:21]} {[%emt 00:00:56]} 36. Re7+ {[%clk
01:21:07]} {[%emt 00:00:34]} Kf6 {[%clk 01:15:00]} {[%emt 00:00:39]} 37. Re6+
{[%clk 01:21:07]} {[%emt 00:00:41]} Kf7 {[%clk 01:15:16]} {[%emt 00:00:15]} 38.
Qc7+ {[%clk 01:21:20]} {[%emt 00:00:20]} Kg8 {[%clk 01:14:51]} {[%emt
00:00:51]} 39. Qxd8+ {[%clk 01:21:36]} {[%emt 00:00:18]} Kf7 {[%clk 01:13:10]}
{[%emt 00:02:10]} 40. Qd7+ {[%clk 01:21:56]} {[%emt 00:00:11]} Kf8 {[%emt
00:01:02]} 41. Re8# {[%clk 01:21:56]} {[%emt 00:00:09]} 1-0

[Event "DEM U10w 2025"]
[Site "Willingen GER"]
[Date "2025.06.11"]
[Round "5"]
[White "He, Siqi"]
[Black "Mudriievskaya, Esther"]
[Result "0-1"]
[Termination "normal"]
[Board "12"]
[WhiteElo "952"]
[BlackElo "1505"]
[WhiteClock "01:19:53"]
[BlackClock "01:18:38"]
[PlyCount "64"]
[WhiteFideId "34682708"]
[BlackFideId "34676465"]
[EventCountry "GER"]
[EventRounds "9"]
[EventType "swiss"]
[EventDate "2025.06.07"]

1. e4 {[%clk 01:30:55]} {[%emt 00:00:05]} c5 {[%clk 01:30:48]} {[%emt
00:00:12]} 2. d4 {[%clk 01:31:18]} {[%emt 00:00:07]} e6 {[%clk 01:30:06]}
{[%emt 00:01:13]} 3. Bc4 {[%clk 01:31:05]} {[%emt 00:00:43]} cxd4 {[%clk
01:29:18]} {[%emt 00:01:18]} 4. Qxd4 {[%clk 01:29:35]} {[%emt 00:02:01]} Nc6
{[%clk 01:28:56]} {[%emt 00:00:51]} 5. Qd3 {[%clk 01:29:57]} {[%emt 00:00:08]}
Nf6 {[%clk 01:28:23]} {[%emt 00:01:03]} 6. Nc3 {[%clk 01:29:58]} {[%emt
00:00:28]} Qc7 {[%clk 01:26:58]} {[%emt 00:01:55]} 7. Nf3 {[%clk 01:29:42]}
{[%emt 00:00:46]} Bd6 {[%clk 01:26:29]} {[%emt 00:01:00]} 8. Bb5 {[%clk
01:29:40]} {[%emt 00:00:33]} Ne5 {[%clk 01:26:03]} {[%emt 00:00:55]} 9. Nxe5
{[%clk 01:29:25]} {[%emt 00:00:45]} Bxe5 {[%clk 01:26:24]} {[%emt 00:00:09]}
10. h3 {[%clk 01:29:16]} {[%emt 00:00:39]} a6 {[%clk 01:25:08]} {[%emt
00:01:46]} 11. Ba4 {[%clk 01:28:52]} {[%emt 00:00:54]} b5 {[%clk 01:24:48]}
{[%emt 00:00:49]} 12. Bb3 {[%clk 01:29:06]} {[%emt 00:00:16]} Bb7 {[%clk
00:00:00]} {[%emt 00:03:31]} 13. Bg5 {[%clk 01:28:35]} {[%emt 00:00:13]} Bxc3+
{[%clk 01:25:23]} {[%emt 00:01:12]} 14. bxc3 {[%clk 01:27:41]} {[%emt
00:01:24]} Nxe4 {[%clk 01:24:57]} {[%emt 00:00:55]} 15. Qf3 {[%clk 01:26:53]}
{[%emt 00:01:16]} Nxg5 {[%clk 01:25:11]} {[%emt 00:00:19]} 16. Qg4 {[%clk
01:27:01]} {[%emt 00:00:22]} Qe5+ {[%clk 01:25:19]} {[%emt 00:00:21]} 17. Kf1
{[%clk 01:27:03]} {[%emt 00:00:29]} Qxc3 {[%clk 01:24:53]} {[%emt 00:00:56]}
18. Rd1 {[%clk 01:26:46]} {[%emt 00:00:46]} Ne4 {[%clk 01:23:12]} {[%emt
00:02:11]} 19. Qe2 {[%clk 01:25:18]} {[%emt 00:01:57]} Rc8 {[%clk 01:21:16]}
{[%emt 00:02:27]} 20. Rd3 {[%clk 01:23:42]} {[%emt 00:02:07]} Qf6 {[%clk
01:19:10]} {[%emt 00:02:20]} 21. f3 {[%clk 01:23:30]} {[%emt 00:00:57]} Ng3+
{[%clk 01:19:34]} {[%emt 00:00:07]} 22. Kf2 {[%clk 01:23:39]} {[%emt 00:00:19]}
Nxe2 {[%clk 01:19:51]} {[%emt 00:00:14]} 23. Kxe2 {[%clk 01:24:05]} {[%emt
00:00:05]} Rc3 {[%clk 01:19:50]} {[%emt 00:00:31]} 24. Rhd1 {[%clk 01:21:24]}
{[%emt 00:03:09]} Rxd3 {[%clk 01:20:08]} {[%emt 00:00:13]} 25. Rxd3 {[%clk
01:21:29]} {[%emt 00:00:25]} O-O {[%clk 01:20:26]} {[%emt 00:00:12]} 26. Rxd7
{[%clk 01:21:34]} {[%emt 00:00:24]} Rd8 {[%clk 01:20:41]} {[%emt 00:00:15]} 27.
Rxb7 {[%clk 01:21:32]} {[%emt 00:00:33]} Qd4 {[%clk 01:20:16]} {[%emt
00:00:51]} 28. a3 {[%clk 01:20:02]} {[%emt 00:02:04]} Qd2+ {[%clk 01:20:33]}
{[%emt 00:00:13]} 29. Kf1 {[%clk 01:20:11]} {[%emt 00:00:19]} Qe3 {[%clk
01:19:58]} {[%emt 00:01:05]} 30. c3 {[%clk 01:20:03]} {[%emt 00:00:39]} Qxc3
{[%clk 01:18:50]} {[%emt 00:01:38]} 31. Bd1 {[%clk 01:19:27]} {[%emt 00:01:06]}
Rxd1+ {[%clk 01:18:55]} {[%emt 00:00:25]} 32. Kf2 {[%clk 01:19:53]} {[%emt
00:00:04]} Qe1# {[%clk 01:18:38]} {[%emt 00:00:17]} 0-1